|
|
|
|
| LEADER |
00000nam a2200000 a 4500 |
| 001 |
vtls001332816 |
| 003 |
SK-MaSNL |
| 005 |
20260301235732.0 |
| 008 |
251113s1989 xr 0 cze |
| 035 |
|
|
|a SNK000285722
|
| 040 |
|
|
|a SNK
|b slo
|c SNK
|e AACR2
|
| 041 |
0 |
|
|a cze
|
| 044 |
|
|
|a CZ
|
| 080 |
|
|
|a 398.2(=854)(082.2)
|2 1981
|
| 245 |
1 |
|
|a Tři zlaté hrušky
|c il. Dušan Škrášek ; ze slov. orig. přel. Josef Špilka
|
| 260 |
|
|
|a Praha
|b Albatros
|c 1989
|
| 300 |
|
|
|a 31, [1] s.
|c 8°
|
| 490 |
1 |
|
|a Korálky
|v sv. 173
|
| 700 |
1 |
|
|a Škrášek, Dušan
|4 ilu
|9 633374
|
| 830 |
|
0 |
|a Korálky
|9 521904
|
| 958 |
|
|
|a RK
|
| 958 |
|
|
|a OND
|
| 999 |
|
|
|c 976402
|d 978332
|
| 952 |
|
|
|t P60, <03>, [BOOK], {603}
|a SNK
|b SNK
|y PREZ
|7 0
|o snkSC 76052
|i snkKIP 13661/89
|0 0
|1 0
|4 0
|d 1998-06-01
|l 0
|r 2005-01-02 00:00:00
|w 2026-02-24
|
| 952 |
|
|
|t P60, <04>, [BOOK], {604}
|a SNK
|b SNK
|y VYP
|7 0
|o snkSC 76052 D1
|i snkKIP 13662/89
|0 0
|1 0
|4 0
|d 1998-06-01
|l 0
|r 2005-01-02 00:00:00
|w 2026-02-24
|
| 952 |
|
|
|a SNK
|b SNK
|y PREZ
|7 0
|p 17A0997751
|o snkSC 76052
|0 0
|1 0
|4 0
|d 2012-08-10
|l 0
|r 2026-02-24 11:05:29
|w 2026-02-24
|